000
00287nam a2200109 a 4500
005
20140414131959.0
008
110214s19uu xx 00 eng d
050
_a
TR 372.7
_b
H76 2005
100
_a
Hood, Christine
245
_a
Time, money and measurement :
_b
Grades 2-3.
999
_c
113033
_d
113033